| 000 | 00658nam a22001697a 4500 | ||
|---|---|---|---|
| 003 | BD-DhUL | ||
| 005 | 20160830103746.0 | ||
| 008 | 160830b xxu||||| |||| 00| 0 eng d | ||
| 040 | _cBD-DhUL | ||
| 082 |
_a922.97 _bANS |
||
| 100 | _aইসলাম, এ কে এম.সিরাজুল | ||
| 245 |
_aসাহাবা চরিত : ৮ মহিলা সাহাবী / _cইসলাম, এ কে এম.সিরাজুল |
||
| 260 |
_aঢাকা : _bইসলামিক ফাউন্ডেশন, _c১৯৭৭. |
||
| 300 |
_a১৯৮ পৃ. ; _c২২ সেমি. |
||
| 650 |
_aইতিহাস _vHistory |
||
| 942 |
_2ddc _cBK |
||
| 999 |
_c102735 _d102735 |
||